Gran diccionario de sinónimos, antónimos e ideas afines : "Ruy Diaz"
Guardado en:
| Formato: | Libro |
|---|---|
| Idioma: | Spanish |
| Publicado: |
Madrid :
Ruy Díaz,
1979
|
| Etiquetas: |
Agregar Etiqueta
Sin Etiquetas, Sea el primero en etiquetar este registro!
|
| LEADER | 00369nam a22001215a 4500 | ||
|---|---|---|---|
| 001 | DER.der012144 | ||
| 005 | 20121122000000.0 | ||
| 008 | 180615s1979####||||||||||||||||||||spa|| | ||
| 020 | |a 84-499-3199-1 | ||
| 245 | 1 | 0 | |a Gran diccionario de sinónimos, antónimos e ideas afines : |b "Ruy Diaz" |
| 260 | |a Madrid : |b Ruy Díaz, |c 1979 | ||
| 300 | 0 | |a 506 p. | |
| 859 | |a DERECHO |b BIB. DERECHO |i GRA |p 006893 | ||
